[Event "SVK-chT1E 2223"]
[Site "Slovakia"]
[Date "2023.02.05"]
[Round "9.7"]
[White "Durovka, Marek"]
[Black "Jurcisin, Imrich"]
[Result "1/2-1/2"]
[WhiteElo "1758"]
[BlackElo "2024"]
[PlyCount "134"]
[EventDate "2022.10.15"]
[EventType "team-tourn"]
[EventRounds "11"]
[EventCountry "SVK"]
[SourceTitle "EXT 2024"]
[Source "ChessBase"]
[SourceDate "2023.10.10"]
[SourceVersion "1"]
[SourceVersionDate "2023.10.10"]
[SourceQuality "1"]
[WhiteTeam "Banska Bystrica Junior"]
[BlackTeam "Kosice Slavia UPJS"]
[WhiteTeamCountry "SVK"]
[BlackTeamCountry "SVK"]

1. d4 Nf6 2. Bf4 d6 3. Nc3 Nh5 4. Bg5 h6 5. Bh4 g5 6. Bg3 Bg7 7. e3 Nxg3 8. hxg3 c5 9. Qd2 Qb6 10. Bb5+ Bd7 11. Nd5 Qd8 12. Bxd7+ Nxd7 13. dxc5 Nxc5 14. Rb1 e6 15. Nc3 Qb6 16. Nge2 d5 17. 0-0 0-0 18. Nd4 Rfd8 19. Rfd1 Rac8 20. Qe1 a6 21. Nce2 Ne4 22. c3 Qc7 23. Nc1 Qe7 24. Ncb3 Be5 25. Nd2 Nd6 26. N4f3 Bg7 27. e4 dxe4 28. Nxe4 Nc4 29. Qe2 Qc7 30. Ned2 Nb6 31. c4 Na4 32. Nf1 Rxd1 33. Qxd1 Nxb2 34. Qb3 Nxc4 35. Rc1 b5 36. Ne3 Bf6 37. Nd2 Qa5 38. Ndxc4 bxc4 39. Rxc4 Rxc4 40. Qxc4 Qe1+ 41. Nf1 a5 42. g4 Qd1 43. g3 Qd5 44. Qxd5 exd5 45. Ne3 d4 46. Nc4 d3 47. Kg2 Bd4 48. Kf3 a4 49. Ne3 Bc3 50. Nd1 Bb4 51. Ke4 d2 52. Kd3 Kg7 53. Kc4 Bd6 54. Kc3 Kg6 55. Kxd2 f5 56. gxf5+ Kxf5 57. Ne3+ Ke4 58. Ke2 Bc5 59. f3+ Kd4 60. Nf5+ Kc3 61. Nxh6 Kb2 62. Kd3 Kxa2 63. Kc2 Ka3 64. Nf7 Be7 65. f4 gxf4 66. gxf4 Kb4 67. Kb2 Kc4 1/2-1/2

[Event "SVK-chT1E 2223"]
[Site "Slovakia"]
[Date "2023.02.04"]
[Round "8.8"]
[White "Minich, Miroslav"]
[Black "Jurcisin, Imrich"]
[Result "1-0"]
[WhiteElo "1957"]
[BlackElo "2024"]
[PlyCount "97"]
[EventDate "2022.10.15"]
[EventType "team-tourn"]
[EventRounds "11"]
[EventCountry "SVK"]
[SourceTitle "EXT 2024"]
[Source "ChessBase"]
[SourceDate "2023.10.10"]
[SourceVersion "1"]
[SourceVersionDate "2023.10.10"]
[SourceQuality "1"]
[WhiteTeam "Zvolen Slavia"]
[BlackTeam "Kosice Slavia UPJS"]
[WhiteTeamCountry "SVK"]
[BlackTeamCountry "SVK"]

1. c3 c5 2. d4 d5 3. Nf3 Nc6 4. Bf4 Nf6 5. e3 Qb6 6. Qb3 Qxb3 7. axb3 cxd4 8. exd4 e6 9. b4 b6 10. Bc7 Bb7 11. Bb5 Nd7 12. 0-0 Be7 13. Re1 0-0 14. Bf4 a5 15. bxa5 Rxa5 16. Rxa5 bxa5 17. Nbd2 Ra8 18. Ra1 Bd8 19. Bd6 f6 20. Nb3 Kf7 21. Nc5 Nxc5 22. Bxc5 Bc7 23. Re1 h6 24. Ba4 Ne7 25. Bc2 Ba6 26. Ba3 Nc8 27. Nd2 Nd6 28. f3 Nc4 29. Nxc4 Bxc4 30. g3 Bb6 31. Kg2 Rb8 32. h4 h5 33. g4 g6 34. Kh3 Rg8 35. Rg1 Be2 36. Kg3 Bb5 37. Kh3 Bd7 38. Re1 Bc7 39. Kg2 hxg4 40. fxg4 Rh8 41. Rh1 e5 42. dxe5 fxe5 43. Rf1+ Kg7 44. Be7 Bd8 45. Bd6 Rxh4 46. Bxe5+ Kh6 47. Rf8 Rxg4+ 48. Kf3 Bb6 49. Bf6 1-0

[Event "SVK-chT1E 2223"]
[Site "Slovakia"]
[Date "2022.10.15"]
[Round "1.5"]
[White "Cisko, Matej"]
[Black "Jurcisin, Imrich"]
[Result "1-0"]
[WhiteElo "2089"]
[BlackElo "2024"]
[PlyCount "43"]
[EventDate "2022.10.15"]
[EventType "team-tourn"]
[EventRounds "11"]
[EventCountry "SVK"]
[SourceTitle "EXT 2024"]
[Source "ChessBase"]
[SourceDate "2023.10.10"]
[SourceVersion "1"]
[SourceVersionDate "2023.10.10"]
[SourceQuality "1"]
[WhiteTeam "Kezmarok KdV"]
[BlackTeam "Kosice Slavia UPJS"]
[WhiteTeamCountry "SVK"]
[BlackTeamCountry "SVK"]

1. d4 Nf6 2. c4 e5 3. dxe5 Ng4 4. Bf4 g5 5. Bg3 Bg7 6. Nf3 Nc6 7. Nc3 Ngxe5 8. Nxe5 Nxe5 9. e3 d6 10. Rc1 Bf5 11. Be2 c6 12. 0-0 Qe7 13. Re1 f6 14. f4 Nf7 15. e4 Be6 16. f5 Bd7 17. Bh5 Bf8 18. Nd5 Qd8 19. Qd4 Bg7 20. Bxd6 cxd5 21. exd5+ Be6 22. dxe6 1-0

[Event "SVK-chT2D 2122"]
[Site "Slovakia"]
[Date "2022.04.30"]
[Round "10.1"]
[White "Skovran, Jaroslav"]
[Black "Jurcisin, Imrich"]
[Result "1-0"]
[WhiteElo "1894"]
[BlackElo "2085"]
[PlyCount "79"]
[EventDate "2021.10.16"]
[EventType "team-tourn"]
[EventRounds "11"]
[EventCountry "SVK"]
[SourceTitle "EXT 2023"]
[Source "ChessBase"]
[SourceDate "2022.10.05"]
[SourceVersion "1"]
[SourceVersionDate "2022.10.05"]
[SourceQuality "1"]
[WhiteTeam "Presov Slavia PU"]
[BlackTeam "Kosice Slavia UPJS III"]
[WhiteTeamCountry "SVK"]
[BlackTeamCountry "SVK"]

1. e4 d5 2. exd5 Nf6 3. d4 Nxd5 4. c4 Nb4 5. a3 N4c6 6. Be3 e5 7. d5 Ne7 8. Nf3 Nd7 9. Nc3 Nf5 10. Bd3 Nxe3 11. fxe3 g6 12. Qe2 Bg7 13. 0-0-0 Nc5 14. Bc2 a5 15. Nd2 Qh4 16. h3 Bd7 17. Rhf1 0-0 18. Nce4 Nxe4 19. Nxe4 b6 20. Nc3 Qe7 21. g4 Qh4 22. Qg2 Kh8 23. e4 Bh6+ 24. Kb1 Bf4 25. Ba4 Bxa4 26. Nxa4 f5 27. exf5 gxf5 28. gxf5 Qf6 29. Qe4 Rad8 30. c5 bxc5 31. Nxc5 Qxf5 32. Qxf5 Rxf5 33. Ne6 Rd7 34. Rd3 Rff7 35. Rb3 h6 36. Rb8+ Kh7 37. Nf8+ Rxf8 38. Rxf8 Kg7 39. Re8 Kf7 40. Rxe5 1-0

[Event "SVK-chT1E 2122"]
[Site "Slovakia"]
[Date "2022.03.19"]
[Round "6.5"]
[White "Jurcisin, Imrich"]
[Black "Garancovsky, Pavol"]
[Result "1-0"]
[WhiteElo "2091"]
[BlackElo "2027"]
[PlyCount "47"]
[EventDate "2022.01.29"]
[EventType "team-tourn"]
[EventRounds "11"]
[EventCountry "SVK"]
[SourceTitle "EXT 2023"]
[Source "ChessBase"]
[SourceDate "2022.10.05"]
[SourceVersion "1"]
[SourceVersionDate "2022.10.05"]
[SourceQuality "1"]
[WhiteTeam "Kosice Slavia TU"]
[BlackTeam "Presov Tatran Dason"]
[WhiteTeamCountry "SVK"]
[BlackTeamCountry "SVK"]

1. e4 e6 2. d4 c5 3. Nf3 cxd4 4. Nxd4 Nf6 5. Nc3 a6 6. e5 Ng8 7. Bd3 Nc6 8. Nxc6 dxc6 9. 0-0 Ne7 10. Qg4 Nf5 11. Bf4 h5 12. Qe2 Qd4 13. Ne4 Be7 14. c3 Qb6 15. Nf6+ gxf6 16. Bxf5 Bd7 17. exf6 Bxf6 18. Rad1 0-0-0 19. Be4 e5 20. Be3 Qc7 21. Qf3 Bg4 22. Bf5+ Kb8 23. Bxg4 Rxd1 24. Rxd1 1-0

[Event "SVK-chT2D 2122"]
[Site "Slovakia"]
[Date "2021.10.17"]
[Round "2.3"]
[White "Ondo, Radoslav"]
[Black "Jurcisin, Imrich"]
[Result "1/2-1/2"]
[WhiteElo "2045"]
[BlackElo "2081"]
[PlyCount "105"]
[EventDate "2021.10.16"]
[EventType "team-tourn"]
[EventRounds "11"]
[EventCountry "SVK"]
[SourceTitle "EXT 2023"]
[Source "ChessBase"]
[SourceDate "2022.10.05"]
[SourceVersion "1"]
[SourceVersionDate "2022.10.05"]
[SourceQuality "1"]
[WhiteTeam "Michalovce Zemplin II"]
[BlackTeam "Kosice Slavia UPJS III"]
[WhiteTeamCountry "SVK"]
[BlackTeamCountry "SVK"]

1. e4 d5 2. e5 Bf5 3. f4 e6 4. Nf3 c5 5. d3 Ne7 6. c3 Nec6 7. Be2 Be7 8. Na3 Qb6 9. Nc2 Nd7 10. 0-0 0-0 11. Ne3 Bg6 12. g4 f6 13. f5 Bf7 14. exf6 Bxf6 15. g5 Be7 16. Qe1 Qc7 17. Qh4 d4 18. fxe6 Bxe6 19. Ng2 Bd6 20. Bd2 Nde5 21. Nf4 Bf7 22. Nxe5 Nxe5 23. cxd4 cxd4 24. Rac1 Qe7 25. b3 Ng6 26. Nxg6 Bxg6 27. Rce1 Qe5 28. Bf3 Qb5 29. Be4 Bf5 30. a4 Qd7 31. Bxf5 Rxf5 32. Rxf5 Qxf5 33. Qe4 Qxe4 34. Rxe4 Rc8 35. Bf4 Bxf4 36. Rxf4 Rc3 37. Rxd4 Rxb3 38. Kf2 Kf7 39. Ke3 Ke6 40. Rh4 Kf5 41. Rxh7 Kg6 42. Rh8 Kxg5 43. Rb8 Kf5 44. Rf8+ Ke6 45. Re8+ Kf7 46. Rb8 g6 47. a5 Rb5 48. Ke4 Ke6 49. d4 Kd6 50. h4 Rxa5 51. Rxb7 Rh5 52. Rxa7 Rxh4+ 53. Kf3 1/2-1/2

[Event "SVK-chT2D 1920"]
[Site "Slovakia"]
[Date "2020.03.07"]
[Round "10.7"]
[White "Jurcisin, Imrich"]
[Black "Panko, Eduard"]
[Result "1/2-1/2"]
[WhiteElo "2015"]
[BlackElo "2005"]
[PlyCount "75"]
[EventDate "2019.10.26"]
[EventType "team-tourn"]
[EventRounds "11"]
[EventCountry "SVK"]
[SourceTitle "EXT 2022"]
[Source "ChessBase"]
[SourceDate "2021.10.06"]
[SourceVersion "1"]
[SourceVersionDate "2021.10.06"]
[SourceQuality "1"]
[WhiteTeam "Kosice Slavia UPJS III"]
[BlackTeam "Stropkov/Svidnik"]
[WhiteTeamCountry "SVK"]
[BlackTeamCountry "SVK"]

1. e4 d6 2. d4 Nf6 3. Nc3 c6 4. Nf3 Bg4 5. Be2 e6 6. Bf4 Be7 7. 0-0 0-0 8. a4 d5 9. Qd3 dxe4 10. Nxe4 Bf5 11. Nxf6+ Bxf6 12. Qb3 Qb6 13. Qxb6 axb6 14. c3 Nd7 15. Ne5 Bxe5 16. Bxe5 Nxe5 17. dxe5 Ra5 18. f4 Rd5 19. Rfd1 Rfd8 20. Kf2 Kf8 21. Ke3 Ke7 22. Rxd5 Rxd5 23. b4 Rd8 24. a5 Ra8 25. a6 bxa6 26. Rxa6 Rxa6 27. Bxa6 Kd7 28. Kd4 Bg4 29. Bd3 h6 30. h3 Bd1 31. g4 Bf3 32. g5 Ke7 33. Ba6 h5 34. h4 g6 35. Bd3 Kd7 36. Ke3 Bd1 37. Bc4 Bg4 38. Bb3 1/2-1/2

[Event "SVK-chT1E 1920"]
[Site "Slovakia"]
[Date "2020.02.22"]
[Round "8.7"]
[White "Bielik, Jakub"]
[Black "Jurcisin, Imrich"]
[Result "0-1"]
[WhiteElo "1981"]
[BlackElo "2058"]
[PlyCount "140"]
[EventDate "2019.10.12"]
[EventType "team-tourn"]
[EventRounds "11"]
[EventCountry "SVK"]
[SourceTitle "CBM 195 Extra"]
[Source "ChessBase"]
[SourceDate "2020.05.31"]
[SourceVersion "1"]
[SourceVersionDate "2020.05.31"]
[SourceQuality "1"]
[WhiteTeam "Dunajov Inbest II"]
[BlackTeam "Kosice Slavia TU II"]
[WhiteTeamCountry "SVK"]
[BlackTeamCountry "SVK"]

1. e4 d5 2. exd5 Nf6 3. Bb5+ Bd7 4. Be2 Nxd5 5. d4 Bf5 6. Nf3 e6 7. 0-0 Be7 8. a3 0-0 9. c4 Nb6 10. Nc3 Nc6 11. Be3 Bf6 12. Rc1 Qe7 13. c5 Nd7 14. Qa4 Rfd8 15. Rfd1 Nf8 16. Bb5 Nb8 17. Qb3 c6 18. Bd3 Bxd3 19. Rxd3 Qc7 20. Ne4 Be7 21. Ne5 Nbd7 22. Bf4 Nxe5 23. Bxe5 Qd7 24. Bd6 Ng6 25. g3 Bxd6 26. Nxd6 b5 27. Rf3 Rf8 28. Re1 Ne7 29. Qd3 Rad8 30. Rd1 Nc8 31. Ne4 Qd5 32. Nc3 Qh5 33. Rf4 Ne7 34. Rh4 Qf5 35. Qe2 Ng6 36. Rh5 Qf6 37. Ne4 Qe7 38. Nd6 Rd7 39. Qe4 Rc7 40. Re1 Rd8 41. Qf3 Qf6 42. Qe3 Ne7 43. Qd3 g6 44. Rhe5 Rcd7 45. R5e4 Nc8 46. Rf4 Qg7 47. Nxc8 Rxc8 48. a4 a6 49. axb5 axb5 50. Ra1 e5 51. Re4 Rxd4 52. Rxd4 exd4 53. Rd1 Rd8 54. Qf3 Rd5 55. Qe4 Qf6 56. b4 Qd8 57. Rd3 Kg7 58. Kg2 Qd7 59. Qf4 Qd8 60. Qe4 Qf6 61. Qg4 Qe5 62. h4 h5 63. Qf3 f5 64. Qd1 f4 65. Qf3 fxg3 66. fxg3 Qe1 67. Ra3 Rf5 68. Ra7+ Kh6 69. g4 hxg4 70. Qg3 Qf1+ 0-1

[Event "SVK-chT2D 1920"]
[Site "Slovakia"]
[Date "2020.02.15"]
[Round "8.8"]
[White "Elias, David"]
[Black "Jurcisin, Imrich"]
[Result "0-1"]
[WhiteElo "1799"]
[BlackElo "2015"]
[PlyCount "110"]
[EventDate "2019.10.26"]
[EventType "team-tourn"]
[EventRounds "11"]
[EventCountry "SVK"]
[SourceTitle "CBM 195 Extra"]
[Source "ChessBase"]
[SourceDate "2020.05.31"]
[SourceVersion "1"]
[SourceVersionDate "2020.05.31"]
[SourceQuality "1"]
[WhiteTeam "Margecany"]
[BlackTeam "Kosice Slavia UPJS III"]
[WhiteTeamCountry "SVK"]
[BlackTeamCountry "SVK"]

1. e4 d5 2. exd5 Nf6 3. Nc3 Nxd5 4. Bc4 c6 5. Qf3 Be6 6. Nge2 Nc7 7. Bb3 g6 8. d3 Bg7 9. 0-0 0-0 10. Re1 Nd7 11. Be3 Bxb3 12. axb3 e5 13. Rxa7 Rxa7 14. Bxa7 Ne6 15. Be3 Qa5 16. Bd2 Qc5 17. Ra1 Nd4 18. Qh3 Nxe2+ 19. Nxe2 Qxc2 20. Qxd7 Qxd2 21. Ng3 Qxb2 22. Ra7 e4 23. Ra4 Qb1+ 24. Nf1 exd3 25. Rf4 d2 26. Qxd2 Bh6 27. b4 Bxf4 28. Qxf4 Re8 29. Qd2 Qa1 30. g3 Re1 31. Qd3 Kg7 32. Kg2 Rxf1 33. Qxf1 Qxf1+ 34. Kxf1 Kf6 35. Ke2 Ke5 36. Kd3 Kd5 37. f4 f5 38. Kc3 Ke4 39. Kc4 b6 40. b5 cxb5+ 41. Kxb5 Kf3 42. Kxb6 Kg2 43. Kc5 Kxh2 44. Kd4 Kxg3 45. Ke3 h5 46. Ke2 Kxf4 47. Kf2 g5 48. Kg2 Ke3 49. Kh3 f4 50. Kg2 Ke2 51. Kh2 f3 52. Kg1 f2+ 53. Kh1 Kf3 54. Kh2 f1R 55. Kh3 Rh1# 0-1

[Event "SVK-chT2D 1920"]
[Site "Slovakia"]
[Date "2019.12.15"]
[Round "6.8"]
[White "Papp, Ladislav"]
[Black "Jurcisin, Imrich"]
[Result "1/2-1/2"]
[WhiteElo "1789"]
[BlackElo "2015"]
[PlyCount "133"]
[EventDate "2019.10.26"]
[EventType "team-tourn"]
[EventRounds "11"]
[EventCountry "SVK"]
[SourceTitle "CBM 194 Extra"]
[Source "ChessBase"]
[SourceDate "2020.03.31"]
[SourceVersion "1"]
[SourceVersionDate "2020.03.31"]
[SourceQuality "1"]
[WhiteTeam "Velke Kapusany"]
[BlackTeam "Kosice Slavia UPJS III"]
[WhiteTeamCountry "SVK"]
[BlackTeamCountry "SVK"]

1. e4 d5 2. exd5 Nf6 3. Nc3 Nxd5 4. Nxd5 Qxd5 5. Qf3 Be6 6. Qxd5 Bxd5 7. c4 Be4 8. d3 Bf5 9. Bf4 e6 10. a3 Nc6 11. Nf3 0-0-0 12. 0-0-0 Bc5 13. Be3 Nd4 14. Bxd4 Bxd4 15. Nxd4 Rxd4 16. Kd2 Rhd8 17. Kc3 e5 18. Be2 R8d6 19. Rhe1 g5 20. h3 f6 21. Rg1 a5 22. b3 Kb8 23. Rd2 Bd7 24. Bf3 Bf5 25. Rgd1 h6 26. Be4 Be6 27. g4 a4 28. bxa4 Bxc4 29. dxc4 Rxe4 30. Rxd6 cxd6 31. Rxd6 Rf4 32. Rd8+ Kc7 33. Rf8 Rxf2 34. Kb4 Kc6 35. Rh8 Rb2+ 36. Kc3 Ra2 37. Rxh6 Rxa3+ 38. Kb4 Rf3 39. h4 gxh4 40. Rxh4 Rf4 41. Rh6 e4 42. g5 e3 43. Kc3 Kc5 44. Rxf6 Rxc4+ 45. Kd3 Rxa4 46. Kxe3 b5 47. Rf5+ Kc6 48. Kd3 Rg4 49. Kc3 Kb6 50. Rf6+ Ka5 51. g6 Rg3+ 52. Kb2 Ka4 53. Rf4+ b4 54. Rf2 Rxg6 55. Rh2 Rd6 56. Rg2 Rd3 57. Rf2 Kb5 58. Rf5+ Kc4 59. Rf4+ Rd4 60. Rxd4+ Kxd4 61. Kb3 Kc5 62. Kb2 Kb6 63. Kb1 Kb5 64. Kb2 Kc5 65. Kb3 Kb5 66. Kb2 Kc4 67. Kc2 1/2-1/2

[Event "SVK-chT2D 1920"]
[Site "Slovakia"]
[Date "2019.12.14"]
[Round "5.5"]
[White "Antal, Jakub"]
[Black "Jurcisin, Imrich"]
[Result "1/2-1/2"]
[WhiteElo "1898"]
[BlackElo "2015"]
[PlyCount "81"]
[EventDate "2019.10.26"]
[EventType "team-tourn"]
[EventRounds "11"]
[EventCountry "SVK"]
[SourceTitle "CBM 194 Extra"]
[Source "ChessBase"]
[SourceDate "2020.03.31"]
[SourceVersion "1"]
[SourceVersionDate "2020.03.31"]
[SourceQuality "1"]
[WhiteTeam "Kosice Slavia TU IV"]
[BlackTeam "Kosice Slavia UPJS III"]
[WhiteTeamCountry "SVK"]
[BlackTeamCountry "SVK"]

1. Nf3 d5 2. b3 c5 3. Bb2 Nc6 4. e3 Nf6 5. Bb5 Qb6 6. Bxc6+ Qxc6 7. d3 g6 8. Nbd2 Bg7 9. 0-0 0-0 10. Qe2 Nd7 11. Bxg7 Kxg7 12. d4 f6 13. c4 e5 14. cxd5 Qxd5 15. e4 Qf7 16. d5 h6 17. Nc4 Qe7 18. a4 b6 19. Rfe1 Bb7 20. Rad1 Rad8 21. g3 Nb8 22. Nh4 Bc8 23. Ng2 Rfe8 24. f4 Bh3 25. Qf3 Bxg2 26. Kxg2 Nd7 27. h4 Nf8 28. fxe5 fxe5 29. Rf1 Nd7 30. Qe2 Rf8 31. Rxf8 Rxf8 32. Rf1 Rxf1 33. Qxf1 Qf6 34. Qxf6+ Kxf6 35. Kf3 h5 36. g4 Ke7 37. g5 Kd8 38. Ke3 Kc7 39. Kd3 a6 40. Ke3 b5 41. axb5 1/2-1/2

[Event "SVK-chT2D 1819"]
[Site "Slovakia"]
[Date "2019.03.02"]
[Round "8.5"]
[White "Sabol, Jan"]
[Black "Jurcisin, Imrich"]
[Result "1/2-1/2"]
[WhiteElo "1869"]
[BlackElo "1961"]
[PlyCount "128"]
[EventDate "2018.10.13"]
[EventType "team-tourn"]
[EventRounds "11"]
[EventCountry "SVK"]
[SourceTitle "CBM 189 Extra"]
[Source "ChessBase"]
[SourceDate "2019.06.03"]
[SourceVersion "1"]
[SourceVersionDate "2019.06.03"]
[SourceQuality "1"]
[WhiteTeam "Presov Slavia PU"]
[BlackTeam "Kosice Slavia UPJS III"]
[WhiteTeamCountry "SVK"]
[BlackTeamCountry "SVK"]

1. c4 e5 2. Nc3 Nf6 3. Nf3 Nc6 4. d4 exd4 5. Nxd4 Bc5 6. e3 0-0 7. Be2 Re8 8. 0-0 a6 9. a3 d6 10. b4 Ba7 11. Nxc6 bxc6 12. Bf3 Bb7 13. a4 d5 14. b5 axb5 15. axb5 cxb5 16. Nxb5 Bb6 17. Ba3 Ra5 18. Bb4 Rxa1 19. Qxa1 Qd7 20. Rd1 c6 21. Nd6 Ra8 22. Qb2 c5 23. Bxc5 Bxc5 24. Qxb7 Rd8 25. Qxd7 Rxd7 26. Nb5 dxc4 27. Rc1 g6 28. Rxc4 Be7 29. g3 Kg7 30. Kg2 Bd8 31. Nd4 Bb6 32. h4 h5 33. Kf1 Rd6 34. Ra4 Nd7 35. Nc6 Rd2 36. Rf4 Nf6 37. Rb4 Nd7 38. Rb5 Kf8 39. Nb8 Bc7 40. Nxd7+ Rxd7 41. Ke2 Bd6 42. Bd5 Ra7 43. Rb6 Ke7 44. Bxf7 Bc7 45. Rxg6 Kxf7 46. Rg5 Ra5 47. Rxa5 Bxa5 48. f4 Kf6 49. e4 Kg6 50. Kf3 Be1 51. Kg2 Bd2 52. Kh3 Kf6 53. Kg2 Kg6 54. Kh2 Kf6 55. Kh3 Kg6 56. f5+ Kf6 57. g4 Ke5 58. g5 Kxe4 59. f6 Kf5 60. f7 Bb4 61. Kg3 Kg6 62. Kf4 Kxf7 63. Kf5 Kg7 64. g6 Be7 1/2-1/2

[Event "SVK-chT2D 1819"]
[Site "Slovakia"]
[Date "2019.02.03"]
[Round "7.6"]
[White "Mnich, Jozef"]
[Black "Jurcisin, Imrich"]
[Result "0-1"]
[WhiteElo "2022"]
[BlackElo "1961"]
[PlyCount "128"]
[EventDate "2018.10.13"]
[EventType "team-tourn"]
[EventRounds "11"]
[EventCountry "SVK"]
[SourceTitle "CBM 189 Extra"]
[Source "ChessBase"]
[SourceDate "2019.06.03"]
[SourceVersion "1"]
[SourceVersionDate "2019.06.03"]
[SourceQuality "1"]
[WhiteTeam "Presov Tatran Dason"]
[BlackTeam "Kosice Slavia UPJS III"]
[WhiteTeamCountry "SVK"]
[BlackTeamCountry "SVK"]

1. e4 d5 2. exd5 Nf6 3. Nf3 Nxd5 4. d4 Bf5 5. Bd3 Bxd3 6. Qxd3 Nc6 7. c3 e6 8. Bg5 Be7 9. Bxe7 Qxe7 10. 0-0 0-0 11. Nbd2 Rad8 12. Qb5 Qd7 13. Nc4 Ne5 14. Qxd7 Nxf3+ 15. gxf3 Rxd7 16. Rfe1 Rfd8 17. Ne5 Rd6 18. Nc4 Rc6 19. Ne5 Rb6 20. Nc4 Ra6 21. Ne5 f6 22. Nd3 Rb6 23. Re2 e5 24. c4 Nf4 25. Nxf4 exf4 26. d5 Kf7 27. Rae1 Rd7 28. b3 a5 29. c5 Rb5 30. c6 Rdxd5 31. Re7+ Kg6 32. Rxc7 bxc6 33. Ree7 Rd1+ 34. Kg2 Rg5+ 35. Kh3 Kh6 36. Re4 Rd2 37. Rxf4 Rxf2 38. a3 Rh5+ 39. Kg3 Rfxh2 40. Rxc6 R5h3+ 41. Kg4 Kg6 42. Rfc4 h5+ 43. Kf4 Rf2 44. Rc3 Ra2 45. a4 Rh4+ 46. Kg3 Rb4 47. R6c5 Ra3 48. Rb5 Rbxa4 49. bxa4 Rxc3 50. Rxa5 Ra3 51. Kf4 Kh6 52. Ra8 g5+ 53. Ke4 Kg6 54. Rg8+ Kf7 55. Ra8 h4 56. a5 Ra4+ 57. Ke3 Kg6 58. a6 Kf5 59. a7 Ra3+ 60. Kf2 Kf4 61. Rf8 Ra2+ 62. Kg1 Rxa7 63. Rxf6+ Kg3 64. Kf1 h3 0-1

[Event "SVK-chT1E 1819"]
[Site "Slovakia"]
[Date "2019.02.02"]
[Round "7.8"]
[White "Jurcisin, Imrich"]
[Black "Bekiaris, Kosmas"]
[Result "1-0"]
[WhiteElo "2001"]
[BlackElo "2017"]
[PlyCount "45"]
[EventDate "2018.10.27"]
[EventType "team-tourn"]
[EventRounds "11"]
[EventCountry "SVK"]
[SourceTitle "CBM 188 Extra"]
[Source "ChessBase"]
[SourceDate "2019.02.26"]
[SourceVersion "1"]
[SourceVersionDate "2019.02.26"]
[SourceQuality "1"]
[WhiteTeam "Kosice Slavia UPJS"]
[BlackTeam "Kosice 1 CC"]
[WhiteTeamCountry "SVK"]
[BlackTeamCountry "SVK"]

1. e4 d5 2. exd5 Nf6 3. Nc3 Nxd5 4. Bc4 e6 5. Nf3 Be7 6. 0-0 0-0 7. d4 Nxc3 8. bxc3 c5 9. Ne5 Qa5 10. Bd2 Nd7 11. Re1 Nxe5 12. Rxe5 Bd6 13. Rh5 g6 14. Rh6 Re8 15. Qf3 Bf8 16. Rxh7 Kxh7 17. Qxf7+ Bg7 18. Qxe8 cxd4 19. Bd3 Qh5 20. cxd4 Bxd4 21. Qf7+ Bg7 22. Bc3 e5 23. Re1 1-0

[Event "SVK-chT2D 1819"]
[Site "Slovakia"]
[Date "2018.11.17"]
[Round "3.4"]
[White "Pcola, Jaroslav1111"]
[Black "Jurcisin, Imrich"]
[Result "0-1"]
[WhiteElo "2113"]
[BlackElo "1961"]
[PlyCount "140"]
[EventDate "2018.10.13"]
[EventType "team-tourn"]
[EventRounds "11"]
[EventCountry "SVK"]
[SourceTitle "CBM 187 Extra"]
[Source "ChessBase"]
[SourceDate "2018.11.04"]
[SourceVersion "1"]
[SourceVersionDate "2018.11.04"]
[SourceQuality "1"]
[WhiteTeam "Humenne Reinter"]
[BlackTeam "Kosice Slavia UPJS III"]
[WhiteTeamCountry "SVK"]
[BlackTeamCountry "SVK"]

1. c4 e5 2. Nc3 Nf6 3. Nf3 Nc6 4. e4 Bb4 5. d3 d6 6. a3 Bc5 7. Be2 Be6 8. 0-0 Nd4 9. Nxd4 Bxd4 10. Bf3 Qd7 11. Ne2 Bb6 12. Ng3 h6 13. Be3 Bg4 14. Nf5 Bxf5 15. exf5 c6 16. Qb3 Qc7 17. Rfe1 0-0-0 18. Rac1 Bxe3 19. fxe3 Rhe8 20. Qc3 Qd7 21. e4 Qc7 22. b4 Qb6+ 23. Kh1 Qd4 24. Qb3 Re7 25. a4 Rc7 26. a5 c5 27. b5 Re7 28. Rc2 g5 29. fxg6 fxg6 30. a6 b6 31. Qc3 Qxc3 32. Rxc3 Rf8 33. Kg1 Ref7 34. Rf1 Kd8 35. Rcc1 Ke7 36. Be2 h5 37. Rf2 Nh7 38. Rcf1 Ng5 39. Rxf7+ Rxf7 40. Rxf7+ Kxf7 41. Kf2 Ne6 42. g3 Kf6 43. h4 Kg7 44. Bd1 Kh6 45. Be2 g5 46. hxg5+ Kxg5 47. Bd1 h4 48. gxh4+ Kxh4 49. Be2 Nf4 50. Bf1 Kg4 51. Be2+ Kh3 52. Ke3 Nxe2 53. Kxe2 Kg2 54. Ke3 Kf1 55. Kf3 Ke1 56. Kg4 Kd2 57. Kf5 Kxd3 58. Ke6 Kxe4 59. Kxd6 Kd4 60. Kc6 e4 61. Kb7 e3 62. Kxa7 e2 63. Kxb6 e1Q 64. a7 Qe6+ 65. Kb7 Qe4+ 66. Kb8 Kxc4 67. b6 Kb5 68. b7 Kb6 69. a8N+ Kc6 70. Nc7 Qb4 0-1

[Event "Tatry op"]
[Site "Tatranske Zruby"]
[Date "2018.10.01"]
[Round "2"]
[White "Matras, Ondrej"]
[Black "Jurcisin, Imrich"]
[Result "1-0"]
[WhiteElo "2224"]
[BlackElo "1976"]
[PlyCount "75"]
[EventDate "2018.09.30"]
[EventType "swiss"]
[EventRounds "9"]
[EventCountry "SVK"]
[SourceTitle "CBM 186 Extra"]
[Source "ChessBase"]
[SourceDate "2018.08.24"]
[SourceVersion "1"]
[SourceVersionDate "2018.08.24"]
[SourceQuality "1"]

1. d4 Nf6 2. c4 e5 3. dxe5 Ng4 4. Bf4 Nc6 5. Nf3 Bb4+ 6. Nbd2 Qe7 7. e3 Ngxe5 8. Nxe5 Nxe5 9. Be2 a5 10. 0-0 Ra6 11. Nb3 a4 12. Nd4 Bc5 13. Nf5 Qf6 14. Ng3 Qe6 15. Qd5 d6 16. Ne4 Ra5 17. Qd2 Bb6 18. Qc3 Ng6 19. Bd3 0-0 20. Bg3 Rh5 21. Qc2 Bd7 22. Nc3 Ne5 23. Be2 Ng4 24. Bxg4 Qxg4 25. Nxa4 Ba5 26. Rad1 Ra8 27. Rd4 Qe6 28. a3 Ra6 29. Nc3 Rc6 30. b4 Bb6 31. Re4 Qg6 32. Qd1 Be6 33. c5 Ba7 34. Rd4 h6 35. Nb5 Ra6 36. Nxc7 Rxa3 37. Nxe6 Qxe6 38. Qxh5 1-0

[Event "Tatry op"]
[Site "Tatranske Zruby"]
[Date "2018.09.30"]
[Round "1"]
[White "Jurcisin, Imrich"]
[Black "Demeter, Peter"]
[Result "1-0"]
[WhiteElo "1976"]
[BlackElo "2156"]
[PlyCount "97"]
[EventDate "2018.09.30"]
[EventType "swiss"]
[EventRounds "9"]
[EventCountry "SVK"]
[SourceTitle "CBM 186 Extra"]
[Source "ChessBase"]
[SourceDate "2018.08.24"]
[SourceVersion "1"]
[SourceVersionDate "2018.08.24"]
[SourceQuality "1"]

1. e4 c5 2. Nf3 d6 3. d4 cxd4 4. Nxd4 Nf6 5. Nc3 g6 6. Be2 Bg7 7. Be3 0-0 8. 0-0 Nc6 9. Kh1 Nxd4 10. Bxd4 Be6 11. f4 Qd7 12. Bd3 Rfc8 13. f5 Bc4 14. Qf3 Bxd3 15. cxd3 Rf8 16. Rac1 e6 17. Qh3 b6 18. Rf3 Rad8 19. Rcf1 e5 20. Be3 Nh5 21. Nd5 f6 22. g4 Nf4 23. Bxf4 exf4 24. fxg6 hxg6 25. Rxf4 Qe6 26. Qf3 Rc8 27. Nxf6+ Rxf6 28. Rxf6 Bxf6 29. Qxf6 Qxf6 30. Rxf6 Rc2 31. Rxg6+ Kf8 32. Rxd6 Rxb2 33. a4 Ra2 34. Rd4 Kf7 35. Rd7+ Kf6 36. Rxa7 Kg5 37. Rb7 Kxg4 38. Rxb6 Kf3 39. Rf6+ Ke3 40. e5 Kxd3 41. e6 Rxa4 42. Kg2 Re4 43. Kg3 Re1 44. h4 Ke4 45. Kg4 Ke5 46. Rg6 Re4+ 47. Kg5 Kd6 48. h5 Re1 49. Kf6 1-0